00579nam a2200205 a 4500001001300000003000900013005001700022008004100039020002300080082001800103100002500121245005300146260004400199300000900243500003500252505002000287650002300307650001800330700002500348nice12345678IN_TiNIC20260116013648.0050524s1996 lona grp 000 0 eng  a0196711 c95000a954.0252bTHA aThackston, Wheeler M aBaburnamab Memoirs of Babur, Prince and Emperor aLondan bOxford University Press c1996 a472p aincludes index and biblioraphy2 aNotes, Glossary aMughal India-Babar aBabur-Memoirs1 aThackston, Wheeler M